10 Countries with the Most Deployed Landmines - Statistics

General Stats
  • This quiz has been taken 45 times
  • The average score is 7 of 10
Answer Stats
# of Landmines (in millions) Answer % Correct
10 Iraq
90%
3.5 Vietnam
86%
16 Iran
81%
10 Afghanistan
79%
10 China
79%
7 Cambodia
69%
10 Angola
62%
23 Egypt
60%
6 Bosnia and Herzegovina
43%
5 Kuwait
26%
No matching quizzes found
Score Distribution
Percent of People with Each Score
Percentile by Number Answered
Your Score History
You have not taken this quiz